000 00871cam0a220026500 4500
001 lce00759234
005 20190823112929.0
008 731203s1973 enk b 001 0 eng
010 _a 72000615 //r90
015 _aGB***
020 _a0471263907
_a0471263915 (pbk.)
035 _a(Sirsi) r15274
035 _a(DLC) 72000615 //r90
035 _a(UPRA)lce00759234
040 _aDLC
_cDLC
_dDLC
050 0 0 _aQD262
_b.F58
082 0 0 _a547/.2
100 1 _aFleming, Ian, 1935-
_dFleming, Ian, 1935-
_6A48413.1
245 1 0 _aSelected organic syntheses;
_ba guidebook for organic chemists.
260 _aLondon, New York,
_aLondon, New York,
_bWiley,
_c[1973]
504 _aIncludes bibliographies.
650 0 _aOrganic compounds -- Synthesis.
_xOrganic compounds -- Synthesis.
_6S11003.1
949 _aQD262
_wlcc
_i-9777
_mMAIN
_tBOOK
_lON-SHELF
004 15274
999 _c153973
_d153973